000 00826nam a2200289Ia 4500
003 OSt
005 20221005090543.0
006 a|||||r|||| 00| 0
007 ta
008 221004b |||||||| |||| 00| 0 eng d
020 _a0824718003
024 _a18222
037 _cTextual
040 _aCRL
_cCRL
_beng
041 _2eng
_aeng
082 _ab48:(P:7), M3
100 _aMauch James E
245 0 _aGuide to successful thesis and dissertation
_b Conception to publication
260 _aNew York
_bMarcel Dekker USA
_c1983
300 _a234p
_ccm.
650 _a DISSERTATIONS WRITING
_9567405
650 _a PRINTING - STYLE MANUALS
650 _aRESEARCH METHODS
700 _a Birch Jack W
942 _hb48:(P:7), M3
_cTEXL
_2cc
999 _c995970
_d995970